000 00675nam a2200229 a 4500
001 45704
003 BD-RjUL
005 20211209054045.0
008 160727s1949 enk||||| |||| 00| 0 eng d
035 _a(BD-RjUL)45822
040 _aBD-RjUL
_beng
_cBD-RjUL
_dBD-RjUL
041 _aeng
082 _223
_a339.4
_bWAC 1949
100 _aWaite, Warren C.
_9139839
245 1 0 _aThe consumer and the economic order /
_cby, Warren C. Waite and Ralph Cassady
260 _aLondon :
_bMcgraw-hill,
_c1949
300 _ax, 440 p. :
_bill. ;
_c26 cm.
500 _aIncludes Index
650 _aConsumption (Economics)
_9139840
700 _aCassady, Ralph
_9136200
942 _2ddc
_cBK
999 _c45704
_d45704